000 00933nam0a22002651 4500
001 rc\558544
005 20030616170415.3
035 _a(NLR Aleph) 005793769
090 _a5224289
_c5224289
100 _a20030616d1987 u |0rusy50 ca
101 0 _arus
102 _aRU
105 _aa |||||||||
200 1 _aПодготовка графической документации с помощью системы РИС
210 _aМинск
_cИн-т математики
_d1987
215 _a34 с.
_cил.
_d20
225 1 _aПрепринт
_fАН БССР, Ин-т математики
_v№ 11 (281)
320 _aБиблиогр.: с. 32
700 1 _aКатков
_bВ. Л.
_f1936-
_gВладислав Леонидович
701 1 _aХлебцевич
_bГ. Е.
_gГеннадий Евгеньевич
801 0 _aRU
_bNLR
_gpsbo
801 1 _aRU
_bELAR
_2rusmarc
852 _aNLR
_j88-4/9176
942 _cBOOK
980 _aNB